000 00570cam a22002053a 4500
001 39506
003 PGUSA
005 20140828083858.0
008 120422s2012||||xxu|||||s|||||000 | eng d
040 _aPGUSA
_beng
042 _adc
100 1 _aPanzini, Alfredo,
_d1863-1939
245 1 0 _aIo cerco moglie!
_h[electronic resource] /
_cAlfredo Panzini
260 _bProject Gutenberg,
_c2012
506 _aPublic domain in the USA.
516 _aElectronic text
830 0 _aProject Gutenberg
_v39506
856 4 0 _uhttp://www.gutenberg.org/ebooks/39506
942 _cEB
999 _c268759
_d268759